000 01043nas a2200301 4500
001 BR2011008108
003 BR-BrBNA
005 20231205115838.0
007 ta
008 230509b bl.|||p| |||| 00| 00por d
040 _aBR-BrBNA
_bpor
_cBiblioteca Nacional de Agricultura
041 _a(Pt)
072 _aL70
100 1 _aPöppl, A.G.
100 1 _aFonini, A.V.D.L.
100 1 _aIlha, A.
100 1 _aLeal, J. de S.
245 1 _aTratamento quimioterápico de insulinoma com estreptozotocina em protocolo de diurese induzida em um cão
246 1 _aInsulinoma streptozotocin chemotherapeutic treatement in an induced diuresis protocol in a dog
650 _aCÃO
650 _aINSULINA
650 _aTUMOR
650 _aTRATAMENTO
650 _aVETERINÁRIA
773 0 _tMEDVEP. Revista Científica de Medicina Veterinária. Pequenos Animais e Animais de Estimação (Brazil)
_xISSN 1678-1430
_g(Aug-Oct 2011), v. 9(30) p. 538-543
_wBR2011008108
909 _a202311
_bLúcia
_c55
_dLúcia Elande
942 _2AGRIS
_n0
_cANA
999 _c215989
_d215989